All Power 4 Colleges on a Map - Statistics

General Stats
  • This quiz has been taken 202 times
  • The average score is 61 of 67
Answers on the Map
Answers color-coded by a green-red scale on the quiz's map according to % correct below.
 
Answer Stats
College % Correct
Arizona
98%
Arizona St
98%
Florida
98%
Georgia
98%
LSU
98%
Oregon
98%
South Carolina
98%
Texas
98%
Washington
98%
Alabama
97%
Ohio St
97%
Oklahoma
97%
Florida St
96%
Indiana
96%
Iowa
96%
Kentucky
96%
Michigan
96%
USC
96%
Arkansas
95%
Cal
95%
Michigan St
95%
Minnesota
95%
Mississippi St
95%
Oklahoma St
95%
Tennessee
95%
Utah
95%
Virginia
95%
Wisconsin
95%
Colorado
94%
Miami
94%
Auburn
93%
Iowa St
93%
Kansas
93%
Nebraska
93%
Penn St
93%
Texas A&M
93%
Texas Tech
93%
UCLA
93%
BYU
92%
Illinois
92%
Kansas St
92%
West Virginia
92%
Duke
91%
Northwestern
90%
Ole Miss
90%
Boston College
89%
Georgia Tech
89%
Maryland
89%
Vanderbilt
89%
Rutgers
88%
Clemson
86%
Louisville
86%
Virginia Tech
86%
Houston
85%
NC State
85%
UNC
85%
Pitt
84%
Purdue
83%
Baylor
82%
Stanford
82%
Syracuse
82%
TCU
81%
UCF
81%
Cincinnati
80%
Mizzou
78%
SMU
75%
Wake Forest
70%
No matching quizzes found
Score Distribution
Percent of People with Each Score
Percentile by Number Answered
Your Score History
You have not taken this quiz